000 00767nam a2200229Ia 4500
005 20260430150816.0
008 008 250103s9999 xx 000 0 hin d
037 _aTheses
040 _aCRL
040 _bhin
040 _chin
041 _2hin
041 _ahin
084 _qCRL
100 _aमिश्रा, प्रीति, ले.
_9870393
245 0 _aमाखनलाल चतुर्वेदी के काव्य में राष्ट्रीय -सांस्कृतिक चेतना
260 _c2024
300 _a240पृ.
700 _aदिल्ली विश्वविद्यालय. कला संकाय. हिन्दी विभाग
942 _cTH
999 _c1850872
_d1850872